| 000 | 00000nam##2200000za#4500 |
| 001 | 9.568901 |
| 003 | CaOODSP |
| 005 | 20240209132405 |
| 007 | cr ||||||||||| |
| 008 | 150406|2000||||xxc|||||o f|0| 0 eng|d |
| 040 | |aCaOODSP|beng |
| 043 | |an-cn--- |
| 086 | 1 |aC89-4/85-3-2000E-PDF |
| 110 | 2 |aAtlantic Canada Opportunities Agency. |
| 245 | 10|aCommunity economic development in Atlantic Canada : |h[electronic resource]|bfalse hope or panacea? / |c[by] Donald J. Savoie; published by the Canadian Institute for Research on Regional Development. |
| 260 | |aMoncton - New Brunswick : |bAtlantic Canada Opportunities Agency |cc2000. |
| 300 | |a132p.|bcoloured maps, fig. |
| 490 | 1 |aMaritime series. Monographs |
| 590 | |a10-15-Supp|b2010-12-10 |
| 720 | 1 |aSavoie, Donald J. |
| 775 | 08|tLe développement économique communautaire au Canada atlantique : |w(CaOODSP)9.600162 |
| 830 | #0|aMaritime series. Monographs.|w(CaOODSP)9.504418 |
| 856 | 40|ahttp://publications.gc.ca|qPDF|s2 MB|uhttps://publications.gc.ca/collections/collection_2010/apeca-acoa/C89-4-85-3-2000-eng.pdf |